<?xml version="1.0" encoding="UTF-8"?>
<record
    xmlns:xsi="http://www.w3.org/2001/XMLSchema-instance"
    xsi:schemaLocation="http://www.loc.gov/MARC21/slim http://www.loc.gov/standards/marcxml/schema/MARC21slim.xsd"
    xmlns="http://www.loc.gov/MARC21/slim">

  <leader>01008caa a22002417a 4500</leader>
  <datafield tag="999" ind1=" " ind2=" ">
    <subfield code="c">410246</subfield>
    <subfield code="d">410246</subfield>
  </datafield>
  <controlfield tag="001"> 123330 </controlfield>
  <controlfield tag="003">UA-OsUOA</controlfield>
  <controlfield tag="005">20200111230632.0</controlfield>
  <controlfield tag="007">ta</controlfield>
  <controlfield tag="008">20170612b un ||||| |||| 00| 0 ukr d</controlfield>
  <datafield tag="040" ind1=" " ind2=" ">
    <subfield code="a">UA-OsUOA</subfield>
    <subfield code="b">ukr</subfield>
    <subfield code="c">UA-OsUOA</subfield>
    <subfield code="d">UA-OsUOA</subfield>
  </datafield>
  <datafield tag="041" ind1=" " ind2=" ">
    <subfield code="a">ukr</subfield>
  </datafield>
  <datafield tag="080" ind1=" " ind2=" ">
    <subfield code="a">908</subfield>
  </datafield>
  <datafield tag="090" ind1=" " ind2=" ">
    <subfield code="a">908</subfield>
    <subfield code="b">&#x428;67</subfield>
  </datafield>
  <datafield tag="100" ind1=" " ind2=" ">
    <subfield code="a">&#x428;&#x43A;&#x43E;&#x43B;&#x44C;&#x43D;&#x430; &#x41E;.</subfield>
  </datafield>
  <datafield tag="245" ind1=" " ind2=" ">
    <subfield code="a">&#x41F;&#x440;&#x43E;&#x441;&#x432;&#x456;&#x442;&#x43D;&#x438;&#x446;&#x44C;&#x43A;&#x430; &#x434;&#x456;&#x44F;&#x43B;&#x44C;&#x43D;&#x456;&#x441;&#x442;&#x44C; &#x440;&#x43E;&#x434;&#x438;&#x43D; &#x43E;&#x441;&#x442;&#x440;&#x43E;&#x437;&#x44C;&#x43A;&#x438;&#x445; &#x456; &#x441;&#x43B;&#x430;&#x432;&#x443;&#x442;&#x441;&#x44C;&#x43A;&#x438;&#x445; &#x454;&#x432;&#x440;&#x435;&#x457;&#x432;-&#x43F;&#x440;&#x43E;&#x43C;&#x438;&#x441;&#x43B;&#x43E;&#x432;&#x446;&#x456;&#x432; &#x428;&#x430;&#x43F;&#x456;&#x440;&#x43E; &#x442;&#x430; &#x417;&#x443;&#x441;&#x43C;&#x430;&#x43D;&#x456;&#x432; &#x443; &#x43A;&#x443;&#x43B;&#x44C;&#x442;&#x443;&#x440;&#x43D;&#x438;&#x445; &#x43F;&#x440;&#x43E;&#x446;&#x435;&#x441;&#x430;&#x445; &#x423;&#x43A;&#x440;&#x430;&#x457;&#x43D;&#x438; &#x434;&#x440;. &#x43F;&#x43E;&#x43B;. XVIII &#x2013; &#x43F;&#x43E;&#x447;. &#x425;&#x425; &#x441;&#x442;.</subfield>
    <subfield code="c">&#x41E;. &#x428;&#x43A;&#x43E;&#x43B;&#x44C;&#x43D;&#x430;</subfield>
  </datafield>
  <datafield tag="300" ind1=" " ind2=" ">
    <subfield code="a">&#x421;. 92&#x2013;113</subfield>
  </datafield>
  <datafield tag="650" ind1=" " ind2="7">
    <subfield code="a">908 &#x41A;&#x440;&#x430;&#x454;&#x437;&#x43D;&#x430;&#x432;&#x441;&#x442;&#x432;&#x43E;</subfield>
    <subfield code="2">UDC</subfield>
  </datafield>
  <datafield tag="773" ind1="0" ind2=" ">
    <subfield code="0">399316</subfield>
    <subfield code="9">416564</subfield>
    <subfield code="d">&#x41E;&#x441;&#x442;&#x440;&#x43E;&#x433; &#x41D;&#x430;&#x423;&#x41E;&#x410; 2008</subfield>
    <subfield code="o">148879</subfield>
    <subfield code="t">&#x41E;&#x441;&#x442;&#x440;&#x43E;&#x437;&#x44C;&#x43A;&#x438;&#x439; &#x43A;&#x440;&#x430;&#x454;&#x437;&#x43D;&#x430;&#x432;&#x447;&#x438;&#x439; &#x437;&#x431;&#x456;&#x440;&#x43D;&#x438;&#x43A;</subfield>
    <subfield code="w">(UA-OsUOA) 113459 </subfield>
  </datafield>
  <datafield tag="942" ind1=" " ind2=" ">
    <subfield code="c">BKA</subfield>
    <subfield code="2">udc</subfield>
  </datafield>
  <datafield tag="955" ind1=" " ind2=" ">
    <subfield code="a">1</subfield>
  </datafield>
</record>
